中国所有千年古县(点位地图版) - Statistics

General Stats
  • This quiz has been taken 32 times
  • The average score is 46 of 99
Answers on the Map
Answers color-coded by a green-red scale on the quiz's map according to % correct below.
 
Answer Stats
省级行政区 地级行政区 县级行政区 % Correct
安徽省 黄山市 歙县
81%
天津市 (直辖) 蓟州区
76%
河北省 保定市 定州市
76%
安徽省 黄山市 黟县
76%
河北省 保定市 涿州市
71%
浙江省 温州市 乐清市
71%
安徽省 淮南市 寿县
71%
江西省 上饶市 婺源县
71%
河北省 秦皇岛市 卢龙县
67%
浙江省 温州市 瑞安市
67%
浙江省 嘉兴市 海盐县
67%
江西省 南昌市 南昌县
67%
山东省 烟台市 蓬莱区
67%
山东省 潍坊市 青州市
67%
河北省 唐山市 遵化市
62%
江苏省 淮安市 淮阴区
62%
浙江省 温州市 平阳县
62%
山东省 日照市 莒县
62%
陕西省 渭南市 韩城市
62%
河北省 邯郸市 魏县
57%
河北省 张家口市 蔚县
57%
河北省 张家口市 涿鹿县
57%
浙江省 温州市 永嘉县
57%
山东省 烟台市 莱州市
57%
山东省 威海市 文登区
57%
山东省 聊城市 临清市
57%
湖南省 长沙市 浏阳市
57%
河北省 石家庄市 井陉县
52%
河北省 石家庄市 行唐县
52%
河北省 保定市 易县
52%
浙江省 金华市 浦江县
52%
山东省 济南市 章丘区
52%
山东省 济宁市 邹城市
52%
山东省 菏泽市 郓城县
52%
河北省 石家庄市 赵县
48%
河北省 邯郸市 涉县
48%
河北省 邯郸市 武安市
48%
福建省 三明市 沙县区
48%
福建省 南平市 建阳区
48%
江西省 南昌市 新建区
48%
江西省 南昌市 安义县
48%
山东省 临沂市 沂水县
48%
山东省 临沂市 费县
48%
河南省 焦作市 温县
48%
湖北省 黄冈市 麻城市
48%
广东省 (直辖地级) 东莞市
48%
宁夏回族自治区 银川市 灵武市
48%
安徽省 滁州市 全椒县
43%
福建省 泉州市 德化县
43%
江西省 南昌市 进贤县
43%
江西省 上饶市 铅山县
43%
山东省 东营市 广饶县
43%
山东省 泰安市 东平县
43%
河南省 郑州市 新郑市
43%
河南省 商丘市 永城市
43%
湖北省 黄石市 大冶市
43%
湖北省 黄冈市 黄梅县
43%
四川省 泸州市 泸县
43%
四川省 南充市 阆中市
43%
陕西省 汉中市 南郑区
43%
河北省 石家庄市 灵寿县
38%
河北省 石家庄市 赞皇县
38%
河北省 石家庄市 元氏县
38%
山西省 长治市 襄垣县
38%
山西省 晋城市 沁水县
38%
福建省 三明市 宁化县
38%
福建省 三明市 尤溪县
38%
河南省 周口市 淮阳区
38%
河南省 驻马店市 上蔡县
38%
湖南省 衡阳市 耒阳市
38%
湖南省 郴州市 汝城县
38%
广东省 广州市 增城区
38%
广东省 肇庆市 四会市
38%
广东省 河源市 龙川县
38%
重庆市 (直辖) 垫江县
38%
四川省 泸州市 合江县
38%
陕西省 榆林市 米脂县
38%
甘肃省 陇南市 成县
38%
河北省 衡水市 武强县
33%
山西省 长治市 长子县
33%
江西省 宜春市 奉新县
33%
河南省 平顶山市 郏县
33%
河南省 焦作市 修武县
33%
河南省 许昌市 长葛市
33%
广东省 汕头市 潮阳区
33%
山西省 长治市 黎城县
29%
河南省 周口市 项城市
29%
陕西省 宝鸡市 岐山县
29%
山西省 临汾市 曲沃县
24%
山西省 临汾市 安泽县
24%
山西省 吕梁市 交城县
24%
河南省 安阳市 汤阴县
24%
河南省 焦作市 沁阳市
24%
河南省 驻马店市 汝南县
24%
广东省 韶关市 始兴县
24%
四川省 成都市 蒲江县
24%
四川省 自贡市 富顺县
24%
四川省 绵阳市 盐亭县
24%
河南省 许昌市 襄城县
19%
No matching quizzes found
Score Distribution
Percent of People with Each Score
Percentile by Number Answered
Your Score History
You have not taken this quiz